Normal view
MARC view
- Numral operators
Entry Topical Term
001 - CONTROL NUMBER
- control field: 21761
003 - CONTROL NUMBER IDENTIFIER
- control field: OSt
005 - DATE AND TIME OF LATEST TRANSACTION
- control field: 20110421125454.0
008 - FIXED-LENGTH DATA ELEMENTS
- fixed length control field: 110421|||a|||||| | ||| d
040 ## - CATALOGING SOURCE
- Original cataloging agency: OSt
- Transcribing agency: OSt
150 ## - HEADING--TOPICAL TERM
- Topical term or geographic name as entry element: Numral operators
670 ## - SOURCE DATA FOUND
- Source citation: Work cat.: (OSt): Weidmann, Joachim 21759, Linear operators in hilbert spaces, , 1980
670 ## - SOURCE DATA FOUND
- Source citation: Work cat.: (OSt): Weidmann, Joachim 21759, Linear operators in hilbert spaces, , 1980
